| 000 | 01109nam a2200289 a 4500 | ||
|---|---|---|---|
| 001 | 7850 | ||
| 003 | BD-RjUL | ||
| 005 | 20211208234503.0 | ||
| 008 | 140116s1952 nju 001 0 eng d | ||
| 035 | _a(BD-RjUL) | ||
| 035 | _a(BD-RjUL)7894 | ||
| 040 |
_aTU _beng _cTU _dNU |
||
| 041 | _aeng | ||
| 082 |
_a340.54 _bTHE 1952 |
||
| 245 | 0 | 4 |
_aThe Theodosian code : _ca translation with commentary, glossary and bibliography by Clyde Pharr in collaboration with Theresa Sherrer Davidson and Mary Brown Pharr, with an introduction by C. Dickerman Williams. _band novels and the Sirmondian constitutions / |
| 246 | 3 | _aCodex Theodosianus. Novellae constitutiones | |
| 246 | 3 | _aConstitutiones Sirmondianae | |
| 260 |
_aPrinceton, N.J. : _bPrinceton University Press, _cc1952. |
||
| 300 |
_axxvi, 643 p. ; _b31 cm. |
||
| 490 | 1 |
_aThe Corpus of Roman law (Corpus Juris Romani) ; _vv. 1 |
|
| 504 | _aIncludes index | ||
| 650 | 0 |
_aRoman law _xSources. _912541 |
|
| 830 | 0 |
_vv. 1. _924488 |
|
| 700 | 1 |
_aPharr, Clyde, _d1883- _924483 |
|
| 830 | 0 |
_aCorpus of Roman law (Corpus juris Romani) ; _924489 |
|
| 942 |
_2ddc _cBK |
||
| 999 |
_c7850 _d7850 |
||